000 00268nam a2200097Ia 4500
008 180219s9999 xx 000 0 und d
100 _aDomingo, James Christopher
245 _aAng finaccasimpleng aklat sa financial accounting /
260 _c2006
300 _a595 pages
999 _c355987
_d355987